[Event "Corsica Masters op 13th"]
[Site "Bastia"]
[Date "2009.10.28"]
[Round "5"]
[White "Dominici, Guillaume"]
[Black "Audin, Thierry"]
[Result "1-0"]
[WhiteElo "1721"]
[BlackElo "2024"]
[PlyCount "65"]
[EventDate "2009.10.25"]
[EventType "swiss"]
[EventRounds "9"]
[EventCountry "FRA"]
[SourceTitle "EXT 2010"]
[Source "ChessBase"]
[SourceDate "2010.11.25"]
[SourceVersion "1"]
[SourceVersionDate "2010.11.25"]
[SourceQuality "1"]

1. e4 e6 2. d4 d5 3. exd5 exd5 4. Nf3 Nc6 5. Bb5 Bd6 6. 0-0 Bg4 7. Qe1+ Nge7 8. Ne5 Be6 9. Bg5 0-0 10. Nxc6 bxc6 11. Bxc6 Rb8 12. Ba4 Rb4 13. Bb3 Rxd4 14. Qe3 Re4 15. Qxa7 f6 16. Nd2 Rg4 17. Be3 Qd7 18. Nf3 Rxg2+ 19. Kxg2 Bh3+ 20. Kh1 Qg4 21. Ne1 Bxf1 22. Qd4 Qh5 23. Bf4 c5 24. Qe3 Bxf4 25. Qxf4 Bh3 26. c3 Qe2 27. Nc2 c4 28. Ba4 Nf5 29. Re1 Qh5 30. Ne3 g5 31. Qc7 Nxe3 32. Rxe3 Qg6 33. Rxh3 1-0

[Event "Bastia July op"]
[Site "Bastia"]
[Date "2008.07.25"]
[Round "3"]
[White "Humeau, Cyril"]
[Black "Dominici, Guillaume"]
[Result "1-0"]
[WhiteElo "2170"]
[BlackElo "1480"]
[PlyCount "33"]
[EventDate "2008.07.23"]
[EventType "swiss"]
[EventRounds "7"]
[EventCountry "FRA"]
[SourceTitle "EXT 2010"]
[Source "ChessBase"]
[SourceDate "2010.11.25"]
[SourceVersion "1"]
[SourceVersionDate "2010.11.25"]
[SourceQuality "1"]

1. d4 d5 2. c4 e5 3. dxe5 d4 4. Nf3 c5 5. g3 Nc6 6. Bg2 g6 7. 0-0 Bg7 8. Bf4 Be6 9. Nbd2 Nge7 10. Ne4 Nc8 11. Nxc5 Bxc4 12. Nxb7 Qc7 13. Nxd4 Bb5 14. Nd6+ Nxd6 15. exd6 Qb6 16. Nxb5 Qxb5 17. Rc1 1-0